Statistics for NBA Quiz - All Star Team Starters from 2000-2010

Click here to take the quiz!

General Stats

  • This quiz has been taken 92 times
  • The average score is 97 of 110

Answer Stats

Answer% Correct
Kobe Bryant
100%
Shaquille O'Neal
100%
LeBron James
99%
Dwyane Wade
97%
Kevin Garnett
97%
Allen Iverson
96%
Tim Duncan
96%
Steve Nash
95%
Jason Kidd
94%
Chris Bosh
92%
Dirk Nowitzki
92%
Dwight Howard
90%
Jermaine O'Neal
90%
Tracy McGrady
90%
Vince Carter
90%
Alonzo Mourning
87%
Carmelo Anthony
87%
Chris Paul
86%
Ben Wallace
85%
Yao Ming
83%
Amar'e Stoudemire
82%
Michael Jordan
77%
Chris Webber
71%
Gilbert Arenas
67%
Dikembe Mutombo
64%
Joe Johnson
62%
Steve Francis
56%
Grant Hill
53%
Steve Francis
53%
Antoine Walker
49%
Antonio Davis
38%
Eddie Jones
32%
Anthony Mason
14%

Score Distribution

Percentile by Number Answered

Percent of People with Each Score

Your Score History

You have not taken this quiz